Central Library OPAC University of Rajshahi

মুঘল স্থাপত্য / (Record no. 47779)

MARC details
000 -LEADER
fixed length control field 00970nam a2200253 a 4500
001 - CONTROL NUMBER
control field 47779
003 - CONTROL NUMBER IDENTIFIER
rucl marc code BD-RjUL
005 - DATE AND TIME OF LATEST TRANSACTION
control field 20211209054407.0
008 - FIXED-LENGTH DATA ELEMENTS--GENERAL INFORMATION
fixed length control field 160810s2011 bg a|||| |||| 00| 0 ben d
020 ## - INTERNATIONAL STANDARD BOOK NUMBER
International Standard Book Number 9789843338709
Terms of availability : Tk. 450.00
035 ## - SYSTEM CONTROL NUMBER
System control number (BD-RjUL)47898
040 ## - CATALOGING SOURCE
Original cataloging agency BD-RjUL
Language of cataloging ben
Transcribing agency BD-RjUL
041 ## - LANGUAGE CODE
Language code of text/sound track or separate title ben
082 ## - DEWEY DECIMAL CLASSIFICATION NUMBER
Classification number 720.954025
Author mark and year RAM 2011
Edition number 23
100 ## - MAIN ENTRY--PERSONAL NAME
Personal name রহমান, মো. মোখলেছুর
9 (RLIN) 145088
245 10 - TITLE STATEMENT
Title মুঘল স্থাপত্য /
Statement of responsibility, etc. মো. মোখলেছুর রহমান
260 ## - PUBLICATION, DISTRIBUTION, ETC. (IMPRINT)
Place of publication, distribution, etc. রাজশহী :
Name of publisher, distributor, etc. সুফিয়া খাতুন,
Date of publication, distribution, etc. ২০১১
300 ## - PHYSICAL DESCRIPTION
Pagination ৩৫১ পৃ. :
Illustrations চিত্র ;
Size ১৯ সেমি.
650 ## - SUBJECT ADDED ENTRY--TOPICAL TERM
Topical term or geographic name as entry element স্থাপত্য, মুঘল
9 (RLIN) 145089
Topical term or geographic name as entry element Architecture, Mogul.
9 (RLIN) 145090
Topical term or geographic name as entry element ইসলামী স্থাপত্য
Geographic subdivision ভারত
9 (RLIN) 145091
Topical term or geographic name as entry element Islamic architecture
Geographic subdivision India
9 (RLIN) 145092
942 ## - ADDED ENTRY ELEMENTS (KOHA)
Source of classification or shelving scheme Dewey Decimal Classification
Koha item type Books
Holdings
Lost status Source of classification or shelving scheme Damaged status Not for loan Collection code Permanent Location Current Location Shelving location Date acquired Source of acquisition Cost, normal purchase price Total Checkouts Full call number Date last seen Date checked out Copy number Koha item type
  Dewey Decimal Classification     Non-fiction Central Library, University of Rajshahi Central Library, University of Rajshahi   26/10/2011 Writer, Rajshahi 450.00 19 B 720.954025 RAM 2011 17/06/2025 28/05/2025 C-2 Books
  Dewey Decimal Classification     Non-fiction Central Library, University of Rajshahi Central Library, University of Rajshahi   26/10/2011 Writer, Rajshahi 450.00 13 B 720.954025 RAM 2011 02/02/2026 26/01/2026 C-3 Books
  Dewey Decimal Classification     Non-fiction Central Library, University of Rajshahi Central Library, University of Rajshahi   16/10/2011 Author, Rajshahi. 450.00 5 B 720.954025 RAM 2011 28/03/2024 25/03/2024 C-4 Books
  Dewey Decimal Classification     Non-fiction Central Library, University of Rajshahi Central Library, University of Rajshahi   16/10/2011 Author, Rajshahi. 450.00 7 B 720.954025 RAM 2011 28/03/2024 25/03/2024 C-5 Books
  Dewey Decimal Classification   Not For Loan Non-fiction Central Library, University of Rajshahi Central Library, University of Rajshahi Reading Room 16/10/2011 Author, Rajshahi 450.00   B 720.954025 RAM 2011 25/01/2017   C-1 Books